000 01087nam0a22002651 4500
001 rc\3022340
005 20250806201425.0
035 _a(NLR Aleph) 007164196
090 _a23649
_c23649
100 _a20100212d1945 u y0rusy50 ca
101 0 _arus
102 _aRU
105 _aa z ||||y
200 1 _aПлотничные работы
_eПособие для бригадира
_fМ.А. Меркель, канд. техн. наук
_gНауч.-исслед. ин-т коммун. хоз-ва Ленгорисполкома
210 _a[Ленинград]
_cЛениздат
_d1945
_gтип. № 2 Упр. изд-в и полиграфии Ленгорисполкома
215 _a107 с.
_cил., черт.
_d20 см
320 _a"Литература", с. 94 (8 назв.)
700 1 _aМеркель
_bМ.А.
_f1895-
_gМихаил Аркадьевич
801 0 _aRU
_bNLR
_gpsbo
801 1 _aRU
_bELAR
_2rusmarc
852 _aNLR
_jТ80 Г-3/59
942 _cBOOK
945 _aРоссийская национальная библиотека
980 _aNB
980 _aBV